000 00310nam a2200121Ia 4500
005 20260328104250.0
008 260328s9999||||xx |||||||||||||| ||und||
100 _aJané, Marc
245 0 _aWilly Drews :
_b Arquitecto /
_cMarc Jané
260 _bUniversidad de los Andes
650 _aARQUITECTOS
942 _cBK
999 _c10214
_d10214